000 00659nam a22002057a 4500
003 OSt
005 20140310181950.0
008 130725t xxu||||| |||| 00| 0 eng d
050 _aBJ 1611.2
_b.P358 1976
082 _aTR 131.3
_bPe31 1976
100 _aPeale, Norman Vincent
_94279
245 _aThe positive principle today :
_bhow to renew and sustain the power of positive thinking /
_cNorman Vincent Peale.
260 _aCarmel, New York :
_bGuide posts,
_cc1976.
300 _a239 p. ;
_c21 cm.
521 _aFaculty
541 _j1
562 _e1
650 _aSuccess--Religious aspects--Christianity.
_94280
942 _2lcc
_cBK-TR
_kTR
999 _c7856
_d7856